00771nam a2200205Ia 4500003000900000008004100009020001800050040001600068080001500084100002700099245018300126260003200309300001300341650002000354650003200374650004300406942000700449999001700456952009200473IN-BaIIA211028s9999 xx 000 0 eng d a0-7382-0693-8 cIIA Library a92:53bGRE aGreenspan, N. T933380 4aThe end of the certain worldbthe life and science of Max Born the nobel physicist who ignited the quantum revolutioncN. T Greenspan  aNew YorkbBasic Booksc2005 ax, 374p. aBiography91224 aBorn, Max, 1882-1970933381 aPhysicsts - Germany - Biography933382 cBK c17632d17632 00104070aBANbBANcGENd2010-02-25l0o92:53/ GREp18554r2021-11-05w2010-02-25yBK